000
00278nam a22001217a 4500
008
170612b xxu||||| |||| 00| 0 eng d
041
_a
eng
080
_a
32
100
_a
19
101
_a
SHP
245
_a
NEGROES AND THE NEW SOUTHERN POLITICS
_c
MATTHEWS,D.R
942
_2
udc
_c
BK
999
_c
16825
_d
16825